000 00893nam a2200265Ia 4500
003 OSt
005 20221005104329.0
006 a|||||r|||| 00| 0
007 ta
008 221004b |||||||| |||| 00| 0 hin d
020 _a978935266935 (hbk)
_cINR 600.00
024 _a66367
037 _bGV726, 11/03/2020, Vani Prakashan
_cTextual
040 _aCRL
_cCRL
_bhin
041 _2hin
_ahin
082 _aS:4, 152Q8
100 _aलुइस एल हे., ले.
245 0 _aहील योर माइंड
246 _aHīl yor māianḍa
260 _aदिल्ली
_bप्रभात प्रकाशन भारत
_c2018
300 _a334पृ0
_ccm.
650 _aसमाजशास्त्र
942 _hS:4, 152Q8
_cTEXL
_2cc
999 _c1012390
_d1012390